000 00588nam a2200181Ia 4500
008 090124s9999 xx 000 0 und d
082 _b105193
100 _aचट्टोपाध्याय शरचंद
245 _a बिंदो का लल्ला
250 _a1
260 _c1955
300 _a109
600 _aचट्टोपाध्याय शरचंद
630 _a बिंदो का लल्ला
700 _aचट्टोपाध्याय शरचंद
730 _a बिंदो का लल्ला
942 _cBOOK
999 _c151285
_d151285